| 000 | 00761nam a22002057a 4500 | ||
|---|---|---|---|
| 999 |
_c3264 _d3264 |
||
| 003 | AR-CdUCM | ||
| 008 | 190306b ||||| |||| 00| 0 spa d | ||
| 040 |
_aMUNICIPALIDAD PROVINCIAL DEL CUSCO _cBIBLIOTECA MUNICIPAL DEL CUSCO |
||
| 082 |
_a869.26 / _bB74 |
||
| 100 |
_aBorges, Jorge Luis _92792 |
||
| 245 | _aHistoria universal de la infamia / | ||
| 260 |
_aBuenos aires : _bEmence editores, _c1971. |
||
| 300 |
_a137 paginas ; _c18 cm. |
||
| 505 | _aContenido :El espantoso redentor Lazarus Morell -- La viuda ching, pirata -- Un teologo en la muerte -- El espejo de tinta -- El brujo postergado ... | ||
| 650 |
_aCuentos argentinos _92794 |
||
| 650 |
_aCuentos fantásticos _910885 |
||
| 650 |
_aHistorietas _910786 |
||
| 942 |
_2ddc _cLIBROS |
||
| 945 | _arum | ||